| 000 | 00926nam a22002417a 4500 | ||
|---|---|---|---|
| 003 | BD-DhSAU | ||
| 005 | 20210930100347.0 | ||
| 008 | 210929b |||||||| |||| 00| 0 eng d | ||
| 040 | _aBD-DhSAU | ||
| 082 |
_222 _a630.2 _bSa137 |
||
| 100 |
_aSABIT, MD. SK. _eReg. No.: #13-05517 |
||
| 245 |
_aEffect of chemical and organic fertilizer on growth, yield and phenolic content of tomato / _bMs Thesis |
||
| 260 |
_aSher-e-bangla Agricultural University Dhaka 1207; _bDepartment of Agricultural Chemistry; _c2020.; |
||
| 300 |
_ax.; _b137p.; _c30cm.; |
||
| 500 | _aIncluding Index.; | ||
| 590 | _anazmul | ||
| 600 | _qchemical and organic fertilizer | ||
| 610 | _aphenolic content of tomato | ||
| 700 |
_aDr. Mohammed Ariful Islam _eSupervisor |
||
| 710 |
_aDr. Md. Sirajul Islam Khan _eCo-Supervisor |
||
| 856 |
_uhttp://archive.saulibrary.edu.bd:8080/xmlui/handle/123456789/3317 _yOnline Access |
||
| 942 |
_2ddc _cTHESIS |
||
| 999 |
_c15343 _d15342 |
||